000 00788nam a22002297a 4500
005 20260429145450.0
008 260429b |||||||| |||| 00| 0 eng d
020 _a9780071850490
_qhb
082 _a665.53
_bMEY.4E
100 _aMeyers, Robert A. [ed.]
245 _aHandbook of petroleum refining processes [4th ed.]
250 _a4th ed.
260 _aNew York
_bMcGraw Hill Education
_c2016
300 _axxx, 802p. ; 24cm.
653 _aPetroleum--Refining--Handbooks, manuals, etc
653 _aPetroleum chemicals--Handbooks, manuals, etc
653 _aGeotechnical engineering Handbooks, manuals, etc
653 _aMines and mineral resources Handbooks, manuals, etc
653 _aPetroleum products Handbooks, manuals, etc
653 _aCHE310
942 _2ddc
_cBK
999 _c53159
_d53159